000 00582nam a2200181 a 4500
001 000034681
005 20200930073833.0
008 111018s1981 ag 000 0 spa d
020 _a0201002744
040 _aDO-SdBNP
_bspa
_cBNPHU
082 _axxxx
_bA454f
100 1 _aAlonso, Marcelo
_960115
245 1 0 _aFisica :
_bcampos y ondas /
_cMarcelo Alonso, Onofre Rojo.
260 _aWilmington, Delaware, E. U. A. :
_bAddison-Wesley Iberoamericana,
_c1981.
300 _a472 p. :
_bil., ;
_c23 cm.
700 1 _aRojo, Onofre
_960116
710 1 _aFondo Edicativo Interamericano
_960117
999 _c34172
_d34172